<?xml version="1.0" encoding="UTF-8"?>
<record
    xmlns:xsi="http://www.w3.org/2001/XMLSchema-instance"
    xsi:schemaLocation="http://www.loc.gov/MARC21/slim http://www.loc.gov/standards/marcxml/schema/MARC21slim.xsd"
    xmlns="http://www.loc.gov/MARC21/slim">

  <leader>00550nam a2200181Ia 4500</leader>
  <controlfield tag="008">100917s9999    xx            000 0 und d</controlfield>
  <datafield tag="082" ind1=" " ind2=" ">
    <subfield code="b">12744</subfield>
  </datafield>
  <datafield tag="100" ind1=" " ind2=" ">
    <subfield code="a">&#x91F;&#x94B;&#x933; &#x926;&#x924;&#x94D;&#x924;&#x93E; &#x936;&#x94D;&#x930;&#x940;.</subfield>
  </datafield>
  <datafield tag="245" ind1=" " ind2=" ">
    <subfield code="a">&#x938;&#x93E;&#x939;&#x938;&#x940; &#x92E;&#x941;&#x932;&#x947;</subfield>
  </datafield>
  <datafield tag="260" ind1=" " ind2=" ">
    <subfield code="b">&#x905;&#x930;&#x917;&#x921;&#x947; , &#x915;&#x941;&#x932;&#x915;&#x930;&#x94D;&#x923;&#x940; &#x92A;&#x94D;&#x930;&#x915;&#x93E;&#x936;&#x928;</subfield>
    <subfield code="c">1973</subfield>
  </datafield>
  <datafield tag="300" ind1=" " ind2=" ">
    <subfield code="a">64</subfield>
  </datafield>
  <datafield tag="365" ind1=" " ind2=" ">
    <subfield code="b">2</subfield>
  </datafield>
  <datafield tag="520" ind1=" " ind2=" ">
    <subfield code="a">&#x92C;&#x93E;&#x932;&#x935;&#x93F;&#x92D;&#x93E;&#x917;</subfield>
  </datafield>
  <datafield tag="630" ind1=" " ind2=" ">
    <subfield code="a">&#x938;&#x93E;&#x939;&#x938;&#x940; &#x92E;&#x941;&#x932;&#x947;</subfield>
  </datafield>
  <datafield tag="650" ind1=" " ind2=" ">
    <subfield code="a">&#x92C;&#x93E;&#x932;&#x935;&#x93F;&#x92D;&#x93E;&#x917;</subfield>
  </datafield>
  <datafield tag="730" ind1=" " ind2=" ">
    <subfield code="a">&#x938;&#x93E;&#x939;&#x938;&#x940; &#x92E;&#x941;&#x932;&#x947;</subfield>
  </datafield>
  <datafield tag="942" ind1=" " ind2=" ">
    <subfield code="c">BOOK</subfield>
  </datafield>
  <datafield tag="999" ind1=" " ind2=" ">
    <subfield code="c">618138</subfield>
    <subfield code="d">618135</subfield>
  </datafield>
  <datafield tag="952" ind1=" " ind2=" ">
    <subfield code="0">1</subfield>
    <subfield code="1">0</subfield>
    <subfield code="4">0</subfield>
    <subfield code="7">0</subfield>
    <subfield code="a">PUNMGS</subfield>
    <subfield code="b">PUNMGS</subfield>
    <subfield code="c">--- &#x925; 73</subfield>
    <subfield code="d">2010-09-17</subfield>
    <subfield code="g">2.00</subfield>
    <subfield code="l">0</subfield>
    <subfield code="p">PUNMGS-12744</subfield>
    <subfield code="r">2010-09-17 00:00:00</subfield>
    <subfield code="w">2010-09-17</subfield>
    <subfield code="y">BOOK</subfield>
    <subfield code="z">&#x930;&#x926;&#x94D;&#x926;</subfield>
  </datafield>
</record>
